Sports Quiz

Random Sports or Soccer Quiz

Top 31 Irish goalscorers in the English top flight Quiz Stats

 Plays Quiz not verified by Sporcle

Challenge
Share
Tweet
Embed
Score 0/31 Timer 10:00
0 Plays Today
Goals Player % Correct
126Robbie Keane
97.3%
56Roy Keane
96.9%
108Niall Quinn
73.1%
137George Best
61%
88John Aldridge
58.3%
54Damien Duff
48.9%
50Liam Brady
44.8%
136Frank Stapleton
43%
91Johnny Giles
30.9%
57Iain Dowie
27.4%
56Norman Whiteside
26.9%
153Jimmy Dunne
23.8%
175Derek Dougan
22%
67Kevin Sheedy
21.5%
59Sammy McIlroy
14.8%
126Jimmy McIlroy
14.3%
Goals Player % Correct
126Billy Gillespie
13%
62Don Givens
11.7%
56Mike Robinson
10.8%
97Peter Doherty
10.3%
93Billy Bingham
8.1%
87Peter McParland
6.7%
62Gerry Daly
4.9%
57Davy Walsh
3.1%
82Alex Stevenson
1.8%
82Andy McEvoy
0.9%
78Willie Irvine
0.9%
72Sammy Smyth
0.9%
64Bobby Irvine
0.9%
87Billy McAdams
0.4%
58Archie Goodall
0.4%

You're not logged in!

Compare scores with friends on all Sporcle quizzes.
Join for Free
OR
Log In

You Might Also Like...

Show Comments

Extras

Top Quizzes Today


Score Distribution

Your Account Isn't Verified!

In order to create a playlist on Sporcle, you need to verify the email address you used during registration. Go to your Sporcle Settings to finish the process.

Report this User

Report this user for behavior that violates our Community Guidelines.

Details: